00741nam a2200217Ii 450000100060000000300090000600800410001504000330005604100080008908200160009710000240011324500110013726400700014830000120021833600260023033700280025633800270028494000510031199900170036295201440037910175CO-ViMGA241108s9999||||xx |||||||||||||| ||und|| aCO-ViMGAbspaerdacCO-ViMGA0 aunk04a321.07-M8671 aTomás Moro95716210aUtopia 1a[Lugar de publicación no identificado] : Sopena Argentina, 1944 avolumen atextbtxt2rdacontent aunmediatedbn2rdamedia avolumebnc2rdacarrier aidficha_siabuc: 9947. -- ficha_no_siabuc:10175 c55434d55434 001040708001aMEVIGERRbMEVIGERRcGENd2006-11-27hVol.1o321.07-M867pECA10754r2024-11-26 10:42:16tEj.1w2024-11-26yBKz9947 | 13492